Zmena sadzby dane ovplyvní preddavky už v januári 2013
Od januára 2013 platí na Slovensku vyššia 23 percentná sadzba dane pre právnické osoby. V dôsledku tejto zmeny sú slovenské spoločnosti platiace preddavky na daň z príjmov povinné prepočítať sumu svojich mesačných (štvrťročných) preddavkov na daň z príjmov právnickej osoby.
Salvato in:
| Autore principale: | |
|---|---|
| Natura: | Capitolo di libro |
| Lingua: | slovacco |
| Soggetti: | |
| Tags: |
Nessun Tag, puoi essere il primo ad aggiungerne!!
|
MARC
| LEADER | 00000nla a2200000 4500 | ||
|---|---|---|---|
| 001 | 0165342 | ||
| 005 | 20240502072901.0 | ||
| 041 | 0 | |a slo | |
| 044 | |a SK | ||
| 245 | 1 | 0 | |a Zmena sadzby dane ovplyvní preddavky už v januári 2013 |c Jana Kušnírová |
| 520 | |a Od januára 2013 platí na Slovensku vyššia 23 percentná sadzba dane pre právnické osoby. V dôsledku tejto zmeny sú slovenské spoločnosti platiace preddavky na daň z príjmov povinné prepočítať sumu svojich mesačných (štvrťročných) preddavkov na daň z príjmov právnickej osoby. | ||
| 610 | 2 | 0 | |a dane |
| 610 | 2 | 0 | |a dane z príjmov |
| 610 | 2 | 0 | |a sadzby daňové |
| 610 | 2 | 0 | |a základ dane |
| 610 | 2 | 0 | |a preddavky |
| 610 | 2 | 0 | |a obdobie zdaňovacie |
| 610 | 2 | 0 | |a osoby právnické |
| 100 | 1 | |a Kušnírová, Jana, 1977- | |